Statistiques concernant Pokémon Donjon Mystère : Explorateurs du Ciel

Cliquez ici pour prendre le quiz!

Statistiques générales

  • Ce quiz a été pris 28 fois
  • Le résultat moyen est 36 sur 84

Statistiques - réponses

IndicesDonjons% Correct
Grotte Littorale
100%
Bois aux Pommes
88%
Donjon présent uniquement lors du quatrième épisode spécialCaverne - partie droite
88%
Donjon présent uniquement lors du quatrième épisode spécialCaverne - partie gauche
88%
Grotte Cascade
81%
Grotte Etuve
81%
Mt. Corne
81%
Donjon présent lors de l'histoire principale et pendant le dernier épisode spécialTour du Temps
81%
Caverne Cristal
75%
Caverne Saline
75%
Désert du Nord
75%
Forêt Brumeuse
75%
Mt Hérissé
75%
Terres Illusoires
75%
Falaise Trempée
69%
Forêt Linceul
69%
Plaines Elek
69%
Faille Spatiale
63%
Grotte Sables Mouvants
63%
Mt Labeur
63%
Croisement Cristal
56%
Forêt Oran
56%
Donjon explorable qu'une seule foisLe Cauchemar
56%
Côte Escarpée
50%
Un des donjons contenant l'un des sept trésors.Escalier Céleste
50%
Donjon présent dans le Futur (Histoire principale) et pendant le dernier épisode spécialForêt Crépuscule
50%
Île Blizzard
50%
Un des donjons contenant l'un des sept trésors.Mer Sans Fond
50%
Village Shaymin
50%
Alternative au Donjon précédent (présent seulement pendant l'expédition)Chemin Lisière
44%
Forêt Trompeuse
44%
Grotte Lézarde
44%
Ile Zéro Est
44%
Ile Zéro Nord
44%
Ile Zéro Ouest
44%
Ile Zéro Sud
44%
Mer Fermée
44%
Mer Prodige
44%
Un des donjons contenant l'un des sept trésors.Mt Avalanche
44%
Donjon présent dans le Futur (Histoire principale)Ruine Scellée
44%
Alternative au Donjon précédent (présent seulement pendant l'expédition)Chemin Rocheux
38%
Cratère Obscur
38%
Forêt Minuit
38%
Donjon présent dans le Futur (Histoire principale)Grotte Abîme
38%
Ile Zéro Centre
38%
Un des donjons contenant l'un des sept trésors.Jungle Mystère
38%
Petit Pré
38%
Station Marine
38%
Un des donjons contenant l'un des sept trésors.Volcan Géant
38%
Alternative au Donjon précédent (présent seulement pendant l'expédition)Chemin Sylvestre
31%
Colline Chatoyante
31%
Donjon présent dans le Futur (Histoire principale)Colline Sombre
31%
Un des donjons contenant l'un des sept trésors.Désert Chatoyant
31%
Grotte Eboulement
31%
Grotte Egide
31%
Donjon dont le boss est CarmacheGrotte Labyrinthe
31%
Iles du Sud-Est
31%
Un des donjons contenant l'un des sept trésors.Abysse du Monde
25%
Donjon présent uniquement lors du quatrième épisode spécialCaverne Calcaire
25%
Donjon présent lors de l'histoire principale et pendant le premier épisode spécialCaverne Etoile
25%
Forêt de l'Oubli
25%
Donjon présent uniquement lors du deuxième épisode spécialForêt Glauque
25%
Donjon présent uniquement lors du quatrième épisode spécialJungle Méridionale
25%
Lac Lointain
25%
Donjon présent uniquement lors du cinquième épisode spécialMontagne Sombre Gel
25%
Mt Mistral
25%
Donjon présent uniquement lors du deuxième épisode spécialRavin Aubaine
25%
Ruines Cachées
25%
Tour du Destin
25%
Cap Enchanteur
19%
Donjon présent uniquement lors du quatrième épisode spécialCarrière Rocher
19%
Caverne Brasier
19%
Donjon présent uniquement lors du troisième épisode spécialCaverne Source
19%
Contrée Inexplorée
19%
Donjon présent uniquement lors du cinquième épisode spécialDésert Noir
19%
Donjon présent uniquement lors du cinquième épisode spécialFalaises Spatiales
19%
Donjon présent uniquement lors du cinquième épisode spécialForêt Glaçon
19%
Mer Perfide
19%
Donjon présent uniquement lors du cinquième épisode spécialMontagne Glacier
19%
Rivière Sérénité
19%
Donjon présent uniquement lors du cinquième épisode spécialVallée Stérile
19%
Donjon présent uniquement lors du deuxième épisode spécialCaverne de l'Est
13%
Dédale Ultime
13%
Prairie Luxuriante
13%

Distribution des résultats

Percentile par nombre de réponses

% des personnes avec chaque résultat

Votre développement - résultats

Vous n’avez pas pris ce quiz